Вып. 7 (25) 1985-1986 г. г. Общественные науки; Труды и материалы научных конгрессов и совещаний

Bibliografiset tiedot
Parent link:Труды и материалы научных конгрессов и совещаний: указатель/ Академия наук СССР (АН СССР), Библиотека (БАН). Вып. 7 (25) 1985-1986 г. г. Общественные науки.— , 1963-
Muut tekijät: Панова З. А. (редактор)
Kieli:venäjä
Julkaistu: 1987
Aiheet:
Aineistotyyppi: MixedMaterials Kirja
KOHA link:https://koha.lib.tpu.ru/cgi-bin/koha/opac-detail.pl?biblionumber=271489

MARC

LEADER 00000nam2a2200000 4500
001 271489
005 20231101234436.0
035 |a (RuTPU)RU\TPU\book\294671 
090 |a 271489 
100 |a 20141008d1987 km y0rusy50 ca 
101 0 |a rus 
102 |a RU 
105 |a y a 001zy 
200 1 |a Вып. 7 (25) 1985-1986 г. г. Общественные науки  |f под ред. З. А. Пановой 
210 |d 1987 
215 |a 156 с. 
320 |a Указатели: с. 107-154. 
461 1 |0 (RuTPU)RU\TPU\book\301534  |t Труды и материалы научных конгрессов и совещаний  |o указатель  |f Академия наук СССР (АН СССР), Библиотека (БАН)  |v Вып. 7 (25) 1985-1986 г. г. Общественные науки  |d 1963-  
606 1 |a Обществознание  |2 stltpush  |3 (RuTPU)RU\TPU\subj\37775  |9 58590 
610 1 |a библиографические пособия 
610 1 |a библиографические указатели 
610 1 |a общественные науки 
610 1 |a труды 
610 1 |a научные конгрессы 
610 1 |a научные совещания 
686 |a Сл0  |v LBC/SL-A  |2 rubbk 
702 1 |a Панова  |b З. А.  |4 340 
801 1 |a RU  |b 63413507  |c 20141008 
801 2 |a RU  |b 63413507  |c 20170309  |g RCR 
942 |c BK